000 00802cam a2200265 4500
001 1707398
003 ARRUPE
005 20131106130908.0
008 690408t19691968mau 000 0 eng
010 _a 69012629
040 _aDLC
_cDLC
_dDLC
050 0 0 _aPZ3.P867
_bMi3
_aPR6031.O74
082 0 0 _a823/.9/12
100 1 _aPowell, Anthony,
_d1905-2000.
_93367
245 1 4 _aThe military philosophers.
250 _a[1st American ed.]
260 _aBoston,
_bLittle, Brown
_c[1969, c1968]
300 _a243 p.
_c21 cm.
350 _a4.95
490 0 _a[His The music of time]
651 0 _aEngland
_xSocial life and customs
_y20th century
_xFiction.
_93368
655 7 _aAutobiographical fiction.
_2gsafd
_93369
906 _a7
_bcbc
_corignew
_du
_encip
_f19
_gy-gencatlg
942 _2lcc
_cMONOGRAPH
999 _c118540
_d118540